00447nam a2200181 a 4500001001300000003000900013005001700022008004100039020001000080082001300090100002100103245003400124260004300158300000900201500003500210505001000245650001000255nice12345678IN_TiNIC20260116011339.0050524s1906 newa grp 000 0 eng  ac10000a160bSCH aSchipper, Watson aFirst Course in Modern Logic. aNew YorkbHenry Holt and Companyc1906 a389p aincludes index and biblioraphy2 aIndex aLogic